000 00671na a2200241 4500
001 18846
003 MIRAKIL
005 20181213155149.0
008 161201b tu 000 0
035 _a18846
040 _aMilas
_btur
_cTR-AnCHP
041 _atur
082 _a338.9
_bA54 1994
090 _a338.9 A54 1994
245 _aAnkara 1994 programı
_cAnkara Büyükşehir Belediyesi
260 _aAnkara
_bAnkara Büyükşehir Belediyesi
_c1994
300 _avi, 201 s.
_btbl.
_c27 sm.
650 _aProgramlar
_xAnkara
651 _aAnkara
_xProgramlar,1994
651 _aAnkara
_xProjeler
710 _aAnkara Büyükşehir Belediyesi
942 _2ddc
_cBKS
999 _c7812
_d7812